00404nam a22001457a 450000500170000001000130001702000230003003500130005303700290006608200080009510000190010324500680012226000460019030000220023620190516130903.0 aB-088647 a0195664760c195.00 aB-088647 bOxford University Press. a882 aKarnad, Girish aThe dreams of tipu sultan bali: the sacrifice /cGirish Karnad. aNew DelhibOxford University Press.c2004 a125pc21cm (fbjk)